Statistiken für Länder, die Deutschland am Nächsten Liegen (zwei Buchstaben)

Klicken Sie hier um das Quiz zu spielen!

Allgemein

  • Dieses Quiz wurde 206 mal gespielt
  • Das Durchschnittsergebnis liegt bei 19 aus 20

Antwortstatistiken

KmLand% Korrekt
0Österreich
100%
0Belgien
99%
0Dänemark
99%
0Frankreich
99%
0Polen
99%
72Schweden
99%
0Schweiz
99%
0Tschechien
99%
33Liechtenstein
98%
0Luxemburg
98%
0Niederlande
98%
45Italien
94%
224Slowakei
93%
118Slowenien
93%
221Ungarn
89%
327Norwegen
88%
357Russland
87%
222Kroatien
85%
331Bosnien und Herzegowina
75%
295Vereinigtes Königreich
65%

Verteilung der Resultate

Perzentil nach korrekt beantworteten Fragen

Anzahl Personen mit jedem Resultat

Ihre Resultats-Entwicklung

Sie haben dieses Quiz noch nicht gespielt